000 01372nam a2200265Ia 4500
999 _c56083
_d56083
001 23183
003 GE_BSU
005 20230719150321.0
008 181216s1970||||ge |||||||||||||| ||geo||
040 _cGE_BSU
041 _ageo
080 _a821.111-2 შ-56
100 _aშექსპირი, უილიამ
_919443
245 _aთხზულებანი : 2 წიგნად. წ. 1 :
_b ზაფხულის ღამის სიზმარი ; მეფე ჰენრი მეოთხე ; უინძორელი მხიარული ქალები /
_cუილიამ შექსპირი ; თარგმანი ვ. ჭელიძისა ; რედ. ვ. ძიძიგური.
264 _aთბილისი :
_bნაკადული,
_c1970.
300 _a536 გვ. ;
_c22 სმ.
541 _h3ლ. 60თ.
653 _aზაფხულის ღამის სიზმარი
653 _aმეფე ჰენრი მეოთხე
653 _aუინძორელი მხიარული ქალები
653 _aთხზულებანი : 2 წიგნად. წ. 1.
700 _aჭელიძე, ვ.
_eთარგმანი
_96048
700 _aძიძიგური, ვ.
_eრედაქტორი
_93813
942 _cBK
_2udc